<?xml version="1.0" encoding="UTF-8"?>
<record
    xmlns:xsi="http://www.w3.org/2001/XMLSchema-instance"
    xsi:schemaLocation="http://www.loc.gov/MARC21/slim http://www.loc.gov/standards/marcxml/schema/MARC21slim.xsd"
    xmlns="http://www.loc.gov/MARC21/slim">

  <leader>00389nam a2200157Ia 4500</leader>
  <controlfield tag="008">231221s9999    xx            000 0 und d</controlfield>
  <datafield tag="041" ind1=" " ind2=" ">
    <subfield code="a">English</subfield>
  </datafield>
  <datafield tag="082" ind1=" " ind2=" ">
    <subfield code="a">641.338  PHI;1  R</subfield>
  </datafield>
  <datafield tag="100" ind1=" " ind2=" ">
    <subfield code="a">Philip, Thangam E</subfield>
  </datafield>
  <datafield tag="245" ind1=" " ind2="0">
    <subfield code="a">Flavours from India</subfield>
  </datafield>
  <datafield tag="260" ind1=" " ind2=" ">
    <subfield code="c">1993</subfield>
    <subfield code="b">Disha Books</subfield>
  </datafield>
  <datafield tag="300" ind1=" " ind2=" ">
    <subfield code="a">124</subfield>
  </datafield>
  <datafield tag="650" ind1=" " ind2=" ">
    <subfield code="a">Flavours,from,india</subfield>
  </datafield>
  <datafield tag="650" ind1=" " ind2=" ">
    <subfield code="a">Hotel management-Flovours</subfield>
  </datafield>
  <datafield tag="942" ind1=" " ind2=" ">
    <subfield code="c">HM</subfield>
  </datafield>
  <datafield tag="999" ind1=" " ind2=" ">
    <subfield code="c">207894</subfield>
    <subfield code="d">207894</subfield>
  </datafield>
  <datafield tag="952" ind1=" " ind2=" ">
    <subfield code="r">2024-01-26 00:00:00</subfield>
    <subfield code="l">0</subfield>
    <subfield code="o">641.338  PHI;1  R</subfield>
    <subfield code="p">HM487</subfield>
    <subfield code="v">38.25</subfield>
    <subfield code="w">2024-01-26</subfield>
    <subfield code="y">HM</subfield>
    <subfield code="1">0</subfield>
    <subfield code="4">0</subfield>
    <subfield code="7">0</subfield>
    <subfield code="8">HEM</subfield>
    <subfield code="0">0</subfield>
    <subfield code="a">ML</subfield>
    <subfield code="b">ML</subfield>
    <subfield code="c">HM</subfield>
    <subfield code="d">0000-00-00</subfield>
    <subfield code="e">Intel Book Distributors (P) Ltd.</subfield>
    <subfield code="g">45.00</subfield>
    <subfield code="E">HM</subfield>
    <subfield code="K">1636</subfield>
    <subfield code="L">21/06/2010</subfield>
    <subfield code="G">RS</subfield>
    <subfield code="F">1</subfield>
    <subfield code="V">6.75</subfield>
    <subfield code="W">15</subfield>
  </datafield>
  <datafield tag="952" ind1=" " ind2=" ">
    <subfield code="r">2024-01-26 00:00:00</subfield>
    <subfield code="l">0</subfield>
    <subfield code="o">641.338  PHI;2  R1</subfield>
    <subfield code="p">HM676</subfield>
    <subfield code="v">36.00</subfield>
    <subfield code="w">2024-01-26</subfield>
    <subfield code="y">HM</subfield>
    <subfield code="1">0</subfield>
    <subfield code="4">0</subfield>
    <subfield code="7">0</subfield>
    <subfield code="8">HEM</subfield>
    <subfield code="0">0</subfield>
    <subfield code="a">ML</subfield>
    <subfield code="b">ML</subfield>
    <subfield code="c">HM</subfield>
    <subfield code="d">0000-00-00</subfield>
    <subfield code="e">Book Paradise</subfield>
    <subfield code="g">45.00</subfield>
    <subfield code="E">HM</subfield>
    <subfield code="K">26518</subfield>
    <subfield code="L">21/06/2010</subfield>
    <subfield code="G">RS</subfield>
    <subfield code="F">1</subfield>
    <subfield code="V">9</subfield>
    <subfield code="W">20</subfield>
  </datafield>
  <datafield tag="952" ind1=" " ind2=" ">
    <subfield code="r">2024-01-26 00:00:00</subfield>
    <subfield code="l">0</subfield>
    <subfield code="o">641.338  PHI;3</subfield>
    <subfield code="p">HM677</subfield>
    <subfield code="v">36.00</subfield>
    <subfield code="w">2024-01-26</subfield>
    <subfield code="y">HM</subfield>
    <subfield code="1">0</subfield>
    <subfield code="4">0</subfield>
    <subfield code="7">0</subfield>
    <subfield code="8">HEM</subfield>
    <subfield code="0">0</subfield>
    <subfield code="a">ML</subfield>
    <subfield code="b">ML</subfield>
    <subfield code="c">HM</subfield>
    <subfield code="d">0000-00-00</subfield>
    <subfield code="e">Book Paradise</subfield>
    <subfield code="g">45.00</subfield>
    <subfield code="E">HM</subfield>
    <subfield code="K">26518</subfield>
    <subfield code="L">21/06/2010</subfield>
    <subfield code="G">RS</subfield>
    <subfield code="F">1</subfield>
    <subfield code="V">9</subfield>
    <subfield code="W">20</subfield>
  </datafield>
</record>
